000 00762nam a2200205Ii 4500
003 JO-AjNU
008 230605s9999||||xx |||||||||||||| ||und||
040 _aJO-AjNU
_bara
_erda
_cJO-AjNU
041 _aara
050 1 4 _aDS154.9.R3238 2015
100 3 _aالربابعة، حسين محمد,
_eauthor
_947822
245 0 0 _aموسوعة منطقة خيط اللبن: الأرض والسكان
250 _aط1
264 3 1 _aعمان: دار ورد الاردنية للنشر والتوزيع، 2015
300 _a316ص
_bيشتمل على جداول ، صور توضيحية
336 _atext
_btxt
_2rdacontent
337 _aunmediated
_bn
_2rdamedia
338 _avolume
_bnc
_2rdacarrier
650 4 _aخيط اللبن - عجلون - تاريخ
_947823
999 _aA20903
_c24471
_d24471